[Event "MAS-ch"]
[Site "Pontian"]
[Date "2024.04.23"]
[Round "5"]
[White "Emran, Muhammad Emir Rasyi"]
[Black "Sivanesan, Subramanian"]
[Result "1/2-1/2"]
[WhiteElo "1772"]
[BlackElo "1930"]
[PlyCount "59"]
[EventDate "2024.04.21"]
[EventType "swiss"]
[EventRounds "9"]
[EventCountry "MAS"]
[SourceTitle "EXT 2025"]
[Source "ChessBase"]
[SourceDate "2024.10.14"]
[SourceVersion "1"]
[SourceVersionDate "2024.10.14"]
[SourceQuality "1"]

1. e4 e6 2. d4 d5 3. exd5 exd5 4. Nf3 Bg4 5. Bd3 Bd6 6. c4 dxc4 7. Bxc4 Nf6 8. 0-0 0-0 9. h3 Bh5 10. g4 Bg6 11. Ne5 Nc6 12. Nxc6 bxc6 13. Nc3 Ne4 14. Qf3 Ng5 15. Bxg5 Qxg5 16. Ne2 Kh8 17. Qxc6 f5 18. f4 Qh4 19. Qf3 fxg4 20. Qxg4 Qf6 21. Qg5 Rae8 22. Rac1 Qf5 23. Qxf5 Bxf5 24. Rc3 Re7 25. Rff3 Rfe8 26. Kf1 Be4 27. Rf2 Bf5 28. Rff3 Be4 29. Rf2 Bf5 30. Rff3 1/2-1/2

[Event "World Cup U18 Prel"]
[Site "Tornelo INT"]
[Date "2021.08.18"]
[Round "6"]
[White "Emanuel, Mutuna"]
[Black "Emran, Muhammad Emir Rasyi"]
[Result "1-0"]
[WhiteElo "1924"]
[BlackElo "1678"]
[PlyCount "115"]
[EventDate "2021.08.16"]
[EventType "swiss (rapid)"]
[EventRounds "10"]
[EventCountry "NET"]
[SourceTitle "CBM 203 Extra"]
[Source "ChessBase"]
[SourceDate "2021.09.30"]
[SourceVersion "1"]
[SourceVersionDate "2021.09.30"]
[SourceQuality "1"]

1. e4 c5 2. Nf3 g6 3. d4 cxd4 4. Nxd4 Nc6 5. c4 Nf6 6. Nc3 d6 7. f3 Nxd4 8. Qxd4 Bg7 9. Be3 0-0 10. Qd2 Be6 11. Be2 Rc8 12. Nd5 Nxd5 13. cxd5 Bd7 14. 0-0 f5 15. Bxa7 Ra8 16. Bd4 Qa5 17. Rfd1 fxe4 18. Bxg7 Qxd2 19. Rxd2 Kxg7 20. fxe4 Rf4 21. Rd4 Raf8 22. Rf1 Rxf1+ 23. Bxf1 Kf6 24. Rb4 Rb8 25. Rc4 Rc8 26. Kf2 Ke5 27. Ke3 Rxc4 28. Bxc4 Bg4 29. a4 b6 30. b4 e6 31. dxe6 Bxe6 32. Bxe6 Kxe6 33. Kd4 Ke7 34. Kd5 Kd7 35. g4 g5 36. a5 bxa5 37. bxa5 Kc7 38. e5 dxe5 39. Kxe5 Kc6 40. Kf5 Kb5 41. Kxg5 Kxa5 42. Kh6 Kb6 43. Kxh7 Kc7 44. g5 Kd6 45. g6 Ke5 46. g7 Ke4 47. g8Q Ke5 48. Qf7 Kd6 49. Qf5 Ke7 50. Kg7 Kd6 51. Kf7 Kc7 52. Qd5 Kc8 53. Ke7 Kc7 54. Qc5+ Kb8 55. Kd7 Ka8 56. Qb4 Ka7 57. Kc7 Ka6 58. Qa4# 1-0